[Event "ICS rated blitz match"]
[Site "204.178.125.65"]
[Date "1999.10.03"]
[Round "?"]
[White "sekere"]
[Black "Hossa"]
[Result "0-1"]
[WhiteElo "2056"]
[BlackElo "2406"]
[Annotator "Steffen A. Jakob"]
[PlyCount "30"]
[EventDate "1999.??.??"]

1. e4 e5 2. f4 exf4 3. Nf3 Ne7 4. Bc4 $146 ({RR} 4. d4 4... d5 5. Nc3 ({RR} 5.
e5 5... Ng6 6. Bd3 Be7 7. O-O Nc6 ({RR} 7... O-O 8. Nc3 c5 9. Ne2 Nc6 10. c3
cxd4 11. cxd4 Bg4 12. h3 Bxf3 13. Rxf3 Rc8 14. Kh1 14... Bg5 {
1/2-1/2 Metz,H-Podgaets,M/Dortmund op-A 1993/TD 93\06 (14)}) 8. Nc3 Nb4 9. Bxg6
hxg6 10. a3 Nc6 11. Bxf4 g5 12. Be3 g4 13. Ne1 Bg5 14. Qd2 Bxe3+ 15. Qxe3 Qh4
16. Qf4 Be6 17. Ne2 O-O-O 18. Nd3 Rh7 19. c3 19... Rdh8 {
Zeller,F-Beikert,G/Bodensee Cup 1996/EXP 53/1-0 (60)}) 5... dxe4 6. Nxe4 Nd5 7.
Bc4 Be7 8. Qe2 ({RR} 8. O-O 8... O-O 9. Ne5 Be6 10. Qh5 Nf6 11. Nxf6+ Bxf6 12.
Rxf4 Bxc4 13. Nxc4 Bxd4+ 14. Be3 Bxe3+ 15. Nxe3 Qd6 16. Rh4 Qg6 17. Qxg6 fxg6
18. Nd5 Rf7 19. Re1 Nc6 20. b4 Rd8 21. c4 h6 22. Rhe4 22... Kh7 {
Riemersma,L-Sokolov,I/NLD-ch 1995/TUR 95/0-1 (33)}) 8... O-O 9. Bxd5 Qxd5 10.
Bxf4 Bg4 11. O-O-O Nc6 12. Nc3 Qf5 13. Bxc7 Rac8 14. Bg3 Rfd8 15. Rhf1 Bf6 16.
h3 Bh5 17. Bh2 Qa5 18. g4 Bg6 19. Be5 Nb4 20. Bxf6 gxf6 21. Ne1 Rxc3 22. bxc3
Nxa2+ 23. Kb2 Nxc3 24. Qf3 Qb4+ 25. Kc1 25... Na2# {
0-1 Reinderman,D-Rausis,I/Cappelle op 1993/TD 93\04 (25)}) 4... Ng6 5. O-O (5.
d4 d5 6. exd5 Qe7+ 7. Kf2 $16) 5... c6 6. d4 d5 7. Bd3 dxe4 8. Bxe4 Bd6 9. Nc3
Bg4 10. h3 Bh5 11. Qd3 O-O 12. Bd2 Na6 13. a3 Nc7 14. Ne2 Re8 15. c3 15... Qe7
{sekere resigns} 0-1

[Event "ICS rated blitz match"]
[Site "204.178.125.65"]
[Date "1999.09.09"]
[Round "?"]
[White "sergor"]
[Black "Hossa"]
[Result "0-1"]
[WhiteElo "2357"]
[BlackElo "2482"]
[PlyCount "68"]
[EventDate "1999.??.??"]

1. d4 d5 2. Nf3 Bf5 3. c4 dxc4 4. Qa4+ Nd7 5. e3 a6 6. Qxc4 e6 7. Nc3 c5 8. d5
Nb6 9. Qf4 Bd6 10. Qh4 exd5 11. Be2 Be7 12. Qg3 Bf6 13. O-O Ne7 14. Rd1 O-O 15.
e4 Bxc3 16. exf5 Bf6 17. Qf4 Re8 18. Bd3 Nc6 19. g4 Ne5 20. Nxe5 Bxe5 21. Qf3
Qh4 22. Bf4 Bxb2 23. Rab1 Qf6 24. g5 Qc3 25. f6 c4 26. Rxb2 Qxb2 27. Bf5 Qe2
28. Qh3 Qxd1+ 29. Kg2 h5 30. gxh6 g6 31. h7+ Kh8 32. Bxg6 Re1 33. Qh6 Rg1+ 34.
Kh3 34... Qg4# {sergor checkmated} 0-1

[Event "ICS rated blitz match"]
[Site "204.178.125.65"]
[Date "1999.09.03"]
[Round "?"]
[White "sergor"]
[Black "Hossa"]
[Result "0-1"]
[WhiteElo "2370"]
[BlackElo "2564"]
[PlyCount "42"]
[EventDate "1999.??.??"]

1. d4 f5 2. e4 fxe4 3. Nc3 Nf6 4. f3 d5 5. Bg5 Bf5 6. Qd2 h6 7. Bxf6 exf6 8.
fxe4 dxe4 9. Qf4 g6 10. g4 Bd6 11. Qe3 Bxg4 12. Nxe4 Kf7 13. Bc4+ Kg7 14. Nxd6
cxd6 15. Be2 Re8 16. Qd3 Qa5+ 17. c3 Qd5 18. O-O-O Qxh1 19. Bxg4 Qxh2 20. Qb5
Qf4+ 21. Kb1 21... Qxg4 {sergor resigns} 0-1

[Event "ICS rated blitz match"]
[Site "204.178.125.65"]
[Date "1999.10.10"]
[Round "?"]
[White "sivacash"]
[Black "Hossa"]
[Result "0-1"]
[WhiteElo "2165"]
[BlackElo "2451"]
[PlyCount "94"]
[EventDate "1999.??.??"]

1. d4 Nf6 2. c4 g6 3. Nc3 Bg7 4. e4 d6 5. f3 O-O 6. Be3 Nc6 7. Qd2 e5 8. Nge2
a6 9. d5 Na5 10. Ng3 b5 11. b4 Nxc4 12. Bxc4 bxc4 13. Qe2 c6 14. Qxc4 cxd5 15.
Nxd5 Nxd5 16. exd5 Rb8 17. O-O Qd7 18. Rab1 Qb5 19. Qxb5 Rxb5 20. Rfd1 f5 21.
a4 Rb7 22. Nf1 Bd7 23. a5 Rb5 24. Bb6 Rc8 25. Ne3 f4 26. Ng4 Bxg4 27. fxg4 Rc2
28. Rbc1 Rxd5 29. Rxd5 Rxc1+ 30. Kf2 Rc2+ 31. Kf3 Rc3+ 32. Ke4 Rc4+ 33. Kd3
Rxb4 34. Rxd6 e4+ 35. Ke2 Bc3 36. h4 Rb2+ 37. Kd1 e3 38. Re6 Rxg2 39. Bxe3 fxe3
40. Rxe3 Bxa5 41. Re6 Rxg4 42. Rxa6 Bb4 43. h5 gxh5 44. Ra7 Rg2 45. Kc1 h4 46.
Kd1 h3 47. Rb7 47... h2 {sivacash resigns} 0-1

[Event "ICS rated blitz match"]
[Site "204.178.125.65"]
[Date "1999.09.19"]
[Round "?"]
[White "slug"]
[Black "Hossa"]
[Result "0-1"]
[WhiteElo "2074"]
[BlackElo "2538"]
[PlyCount "124"]
[EventDate "1999.??.??"]

1. d4 Nf6 2. Nf3 d6 3. Bf4 Nh5 4. Bg3 Nxg3 5. hxg3 c5 6. e3 Qb6 7. Qc1 cxd4 8.
exd4 Bf5 9. Nbd2 Nc6 10. c3 d5 11. Be2 Rc8 12. O-O e6 13. Nb3 Be7 14. Qd2 Be4
15. Bd3 Bxd3 16. Qxd3 O-O 17. Rfe1 Rc7 18. Ne5 Bf6 19. Ng4 Bg5 20. f4 Bd8 21.
Kh2 a5 22. Re2 a4 23. Nc5 Qa5 24. b4 axb3 25. Nxb3 Qa4 26. Nc5 Qa7 27. Ne5 Be7
28. Nb3 Nxe5 29. fxe5 Rfc8 30. Rc1 Bg5 31. Rcc2 Rc4 32. Nd2 Bxd2 33. Rexd2 Qa5
34. Rb2 Rxc3 35. Rdc2 Rxc2 36. Rxc2 Rxc2 37. Qxc2 Qd8 38. Qc5 f5 39. exf6 gxf6
40. a4 e5 41. dxe5 fxe5 42. a5 Qd7 43. Qb4 e4 44. Qd4 Qd6 45. Qa7 Qh6+ 46. Kg1
Qc6 47. Qb8+ Kg7 48. Qe5+ Kg6 49. g4 Qc5+ 50. Kh2 h6 51. Qf5+ Kg7 52. Qd7+ Kf8
53. Qf5+ Ke8 54. Qe6+ Kd8 55. Qg8+ Kc7 56. Qf7+ Kb8 57. Qf8+ Qxf8 58. Kg3 e3
59. g5 hxg5 60. Kh3 Qf5+ 61. Kg3 Qf4+ 62. Kh3 62... Qh4# {slug checkmated} 0-1

[Event "ICS rated blitz match"]
[Site "204.178.125.65"]
[Date "1999.08.30"]
[Round "?"]
[White "sm"]
[Black "Hossa"]
[Result "1-0"]
[WhiteElo "2506"]
[BlackElo "2523"]
[PlyCount "45"]
[EventDate "1999.??.??"]

1. e4 e6 2. d4 d5 3. Nc3 Bb4 4. e5 c5 5. a3 Bxc3+ 6. bxc3 Qc7 7. Qg4 f6 8. Nf3
cxd4 9. Bb5+ Kf7 10. O-O Qxc3 11. exf6 Nxf6 12. Ne5+ Kg8 13. Qh4 Qxa1 14. Bh6
Qxa3 15. Bxg7 Ne8 16. Bh6 Ng7 17. Bxg7 Nc6 18. Bxc6 Bd7 19. Bxd7 h6 20. Qf6 Rf8
21. Bxe6+ Rf7 22. Bxf7+ Kh7 23. Qg6# {Hossa checkmated} 1-0

[Event "ICS rated blitz match"]
[Site "204.178.125.65"]
[Date "1999.09.01"]
[Round "?"]
[White "sombra"]
[Black "Hossa"]
[Result "0-1"]
[WhiteElo "2463"]
[BlackElo "2516"]
[PlyCount "34"]
[EventDate "1999.??.??"]

1. e4 c5 2. Nf3 d6 3. d4 Nf6 4. Nc3 cxd4 5. Nxd4 a6 6. Bc4 Nxe4 7. Nxe4 d5 8.
Bd3 dxe4 9. Bxe4 e5 10. Nf3 Qxd1+ 11. Kxd1 Nd7 12. Bd2 Nf6 13. Re1 Nxe4 14.
Rxe4 f6 15. Ke1 Bf5 16. Rc4 Bd6 17. Be3 17... Be6 {sombra resigns} 0-1

[Event "ICS rated blitz match"]
[Site "204.178.125.65"]
[Date "1999.09.02"]
[Round "?"]
[White "sovorov2"]
[Black "Hossa"]
[Result "0-1"]
[WhiteElo "2089"]
[BlackElo "2459"]
[PlyCount "78"]
[EventDate "1999.??.??"]

1. d4 Nf6 2. c4 g6 3. Nc3 Bg7 4. e4 d6 5. f4 O-O 6. Nf3 c5 7. d5 Bg4 8. Be2
Nfd7 9. O-O f5 10. h3 Bxf3 11. Bxf3 fxe4 12. Nxe4 Na6 13. Ng5 Nc7 14. Re1 Nb6
15. Qe2 Bd4+ 16. Kh1 Bf6 17. Rb1 Kh8 18. b3 Nd7 19. Bb2 Bxb2 20. Qxb2+ Nf6 21.
Qe2 Ng8 22. Qb2+ Nf6 23. Qe2 Ng8 24. Be4 Nh6 25. g3 b5 26. Qd3 Rf6 27. cxb5 Rb8
28. a4 e6 29. Nxe6 Nxe6 30. dxe6 Rxe6 31. Bd5 Rxe1+ 32. Rxe1 Qf6 33. Re6 Qa1+
34. Kg2 Nf5 35. Qe2 Rf8 36. Re8 Qf6 37. Rxf8+ Qxf8 38. Qb2+ Nd4 39. Qc2 39...
Nxc2 {sovorov2 resigns} 0-1

[Event "ICS rated blitz match"]
[Site "204.178.125.65"]
[Date "1999.09.12"]
[Round "?"]
[White "stivell"]
[Black "Hossa"]
[Result "0-1"]
[WhiteElo "2551"]
[BlackElo "2452"]
[PlyCount "32"]
[EventDate "1999.??.??"]

1. e4 c6 2. d4 d5 3. f3 dxe4 4. fxe4 e5 5. g3 exd4 6. Nf3 Bg4 7. h3 Bxf3 8.
Qxf3 Bb4+ 9. c3 dxc3 10. bxc3 Bc5 11. Bc4 Nf6 12. Bg5 Nbd7 13. Nd2 O-O 14.
O-O-O Qa5 15. Qe2 Ba3+ 16. Kb1 16... Qxg5 {stivell resigns} 0-1

[Event "ICS rated blitz match"]
[Site "204.178.125.65"]
[Date "1999.09.06"]
[Round "?"]
[White "strangersa"]
[Black "Hossa"]
[Result "0-1"]
[WhiteElo "2274"]
[BlackElo "2532"]
[PlyCount "110"]
[EventDate "1999.??.??"]

1. e4 c5 2. Nf3 d6 3. d4 cxd4 4. Nxd4 Nf6 5. Nc3 g6 6. f4 Bg7 7. Be2 Nfd7 8.
Be3 Nc6 9. O-O O-O 10. Kh1 Nxd4 11. Bxd4 Bxd4 12. Qxd4 Qb6 13. Nb5 Qxd4 14.
Nxd4 Nc5 15. Bd3 f5 16. e5 Nxd3 17. cxd3 dxe5 18. fxe5 Rd8 19. Nb5 Rxd3 20.
Rad1 Rd7 21. Rc1 Rd2 22. Rfd1 Rxd1+ 23. Rxd1 Kg7 24. Nc7 Rb8 25. Rd8 Kf7 26.
Kg1 e6 27. Nb5 Ke7 28. Rh8 h5 29. Nxa7 Kd7 30. Nb5 Ra8 31. Nd6 Rxa2 32. Rxc8
Rxb2 33. Rg8 Kc6 34. Rc8+ Kd5 35. Rb8 Ra2 36. Rxb7 Kxe5 37. Nf7+ Kf6 38. Nd6 e5
39. Nc4 Ra1+ 40. Kf2 e4 41. Rb2 Rc1 42. Nd2 Ke5 43. Rb5+ Kf4 44. Ke2 h4 45. Rb4
g5 46. Rb3 Rg1 47. Kf2 Rd1 48. Ke2 Rc1 49. Re3 Rg1 50. Kf2 Rxg2+ 51. Kxg2 Kxe3
52. Nf1+ Kd3 53. Kf2 g4 54. Ke1 e3 55. h3 55... g3 {strangersa resigns} 0-1

[Event "ICS rated blitz match"]
[Site "204.178.125.65"]
[Date "1999.09.15"]
[Round "?"]
[White "swervin1"]
[Black "Hossa"]
[Result "0-1"]
[WhiteElo "2178"]
[BlackElo "2393"]
[PlyCount "68"]
[EventDate "1999.??.??"]

1. e4 d5 2. exd5 Qxd5 3. d4 c6 4. c4 Qd8 5. Nc3 e5 6. Nf3 exd4 7. Qxd4 Nd7 8.
Be2 Ngf6 9. O-O Bc5 10. Qd1 O-O 11. Bg5 Re8 12. Qc2 h6 13. Bh4 Be7 14. Rad1 a6
15. Rfe1 Ra7 16. h3 Bb4 17. a3 Ba5 18. b4 Bc7 19. c5 a5 20. Bd3 Rxe1+ 21. Rxe1
Qf8 22. Qe2 axb4 23. axb4 b6 24. Bxf6 Nxf6 25. cxb6 Bxb6 26. b5 Ba5 27. Ra1 Qb4
28. Na2 Qa4 29. Qb2 Nd5 30. Nc1 Qd1+ 31. Kh2 Bc3 32. Rxa7 Bxb2 33. Ra8 Nb6 34.
bxc6 34... Nxa8 {swervin1 resigns} 0-1

[Event "ICS rated blitz match"]
[Site "204.178.125.65"]
[Date "1999.09.04"]
[Round "?"]
[White "tacticmonster"]
[Black "Hossa"]
[Result "0-1"]
[WhiteElo "2188"]
[BlackElo "2481"]
[PlyCount "48"]
[EventDate "1999.??.??"]

1. c4 Nf6 2. Nc3 e5 3. g3 Bb4 4. Bg2 O-O 5. Nf3 d6 6. O-O Bg4 7. d3 Bxc3 8.
bxc3 e4 9. Nd4 c5 10. Nc2 exd3 11. Qxd3 Re8 12. Re1 Nc6 13. Bf4 Qe7 14. Ne3 Ne5
15. Bxe5 dxe5 16. Nxg4 Nxg4 17. Qe4 Nf6 18. Qxb7 Qxb7 19. Bxb7 Rab8 20. Rab1
Red8 21. Bg2 Rxb1 22. Rxb1 g6 23. Rb7 Rd1+ 24. Bf1 24... Ne4 {
tacticmonster resigns} 0-1

[Event "ICS rated blitz match"]
[Site "204.178.125.65"]
[Date "1999.09.04"]
[Round "?"]
[White "tacticmonster"]
[Black "Hossa"]
[Result "0-1"]
[WhiteElo "2199"]
[BlackElo "2470"]
[PlyCount "66"]
[EventDate "1999.??.??"]

1. c4 Nf6 2. Nc3 e5 3. g3 Bb4 4. Bg2 O-O 5. Nf3 d6 6. O-O Bg4 7. d3 Bxc3 8.
bxc3 e4 9. Nd4 c5 10. Nc2 exd3 11. Qxd3 Re8 12. Re1 Nc6 13. Bf4 Qe7 14. Bxd6
Bxe2 15. Bxe7 Bxd3 16. Bxc6 bxc6 17. Bxf6 Bxc2 18. Be7 Bd3 19. Bxc5 a6 20. a3
Bxc4 21. Rad1 h6 22. f3 Be2 23. Rb1 Bxf3 24. Kf2 Rxe1 25. Rxe1 Bd5 26. Re7 Rb8
27. Bb4 Kh7 28. Ra7 Rb6 29. a4 Bc4 30. Ra8 Rb7 31. a5 Rb5 32. Ra7 c5 33. Rc7
33... cxb4 {tacticmonster resigns} 0-1

[Event "ICS rated blitz match"]
[Site "204.178.125.65"]
[Date "1999.09.07"]
[Round "?"]
[White "thisHandle"]
[Black "Hossa"]
[Result "0-1"]
[WhiteElo "2423"]
[BlackElo "2535"]
[PlyCount "68"]
[EventDate "1999.??.??"]

1. e4 e6 2. d4 d5 3. Nc3 c6 4. Nf3 Bb4 5. Bd3 Ne7 6. O-O O-O 7. Bd2 Nd7 8. a3
Ba5 9. b4 Bb6 10. Na4 Bc7 11. c4 dxc4 12. Bc2 b5 13. Nc3 a5 14. Qe2 Bd6 15.
Rab1 axb4 16. axb4 Bb7 17. e5 Bc7 18. Bxh7+ Kxh7 19. Ng5+ Kg6 20. Qg4 f5 21.
Qg3 Nxe5 22. Nxe6+ Ng4 23. Nxd8 Bxg3 24. Nxb7 Bxh2+ 25. Kh1 Rh8 26. g3 Bxg3+
27. Kg2 Bxf2 28. Rxf2 Rh2+ 29. Kg1 Rxf2 30. Be1 Rc2 31. Nd1 Kf6 32. Na5 g5 33.
Nf2 Ne3 34. Nd1 34... Rg2+ {thisHandle resigns} 0-1

[Event "ICS rated blitz match"]
[Site "204.178.125.65"]
[Date "1999.09.07"]
[Round "?"]
[White "thisHandle"]
[Black "Hossa"]
[Result "0-1"]
[WhiteElo "2448"]
[BlackElo "2510"]
[PlyCount "74"]
[EventDate "1999.??.??"]

1. e4 e6 2. d3 d5 3. Nd2 c5 4. Ngf3 Nc6 5. g3 Bd6 6. Bg2 Nge7 7. O-O O-O 8. Re1
Re8 9. h4 b6 10. e5 Bc7 11. h5 Ba6 12. Nf1 Nf5 13. c3 Qb8 14. Bf4 f6 15. g4
fxe5 16. gxf5 exf4 17. f6 gxf6 18. N1h2 Qd8 19. Ng4 Kh8 20. Kh1 Qe7 21. Nh4 Qg7
22. Bf3 Qg5 23. Ng2 Qxh5+ 24. Kg1 Qf5 25. c4 Nd4 26. b3 Bb7 27. Nh4 Qh5 28. Ng2
Qh3 29. Nh2 Nxf3+ 30. Qxf3 Qxf3 31. Nxf3 dxc4 32. Nfh4 cxd3 33. Rad1 f3 34. Ne3
Red8 35. Nc4 Rd4 36. Rxe6 Rxh4 37. Re7 37... Rg8+ {thisHandle resigns} 0-1

[Event "ICS rated blitz match"]
[Site "204.178.125.65"]
[Date "1999.10.11"]
[Round "?"]
[White "tol4511"]
[Black "Hossa"]
[Result "0-1"]
[WhiteElo "2245"]
[BlackElo "2431"]
[PlyCount "30"]
[EventDate "1999.??.??"]

1. e4 c5 2. Nc3 Nc6 3. g3 e5 4. Bc4 Nf6 5. d3 Be7 6. Bg5 d6 7. Qd2 O-O 8. f4
Bg4 9. h3 Be6 10. f5 Bd7 11. g4 Nd4 12. O-O-O b5 13. Bxf6 Bxf6 14. g5 Bxg5 15.
Qxg5 15... Qxg5+ {tol4511 resigns} 0-1

[Event "ICS rated blitz match"]
[Site "204.178.125.65"]
[Date "1999.10.11"]
[Round "?"]
[White "tol4511"]
[Black "Hossa"]
[Result "0-1"]
[WhiteElo "2229"]
[BlackElo "2447"]
[PlyCount "34"]
[EventDate "1999.??.??"]

1. e4 c5 2. Nf3 e6 3. d4 cxd4 4. Nxd4 Nf6 5. Nc3 d6 6. Bc4 Be7 7. Bg5 a6 8. O-O
O-O 9. f4 b5 10. Bd3 Bb7 11. e5 dxe5 12. fxe5 Qxd4+ 13. Kh1 Qxe5 14. Bxf6 Bxf6
15. Qg4 Qg5 16. Qxg5 Bxg5 17. Rf3 17... Bxf3 {tol4511 resigns} 0-1

[Event "ICS rated blitz match"]
[Site "204.178.125.65"]
[Date "1999.10.01"]
[Round "?"]
[White "tolo"]
[Black "Hossa"]
[Result "0-1"]
[WhiteElo "2163"]
[BlackElo "2465"]
[PlyCount "56"]
[EventDate "1999.??.??"]

1. e4 c6 2. d3 d5 3. Nd2 e5 4. Ngf3 Bd6 5. Be2 Nf6 6. O-O Nbd7 7. Re1 O-O 8.
Bf1 Re8 9. g3 b6 10. Bg2 Ba6 11. Nf1 Bc5 12. Nh4 Qc7 13. h3 dxe4 14. dxe4 Rad8
15. Qf3 Bb4 16. c3 Bc5 17. Bg5 h6 18. Be3 Bd3 19. Nd2 Bxe3 20. Rxe3 Nc5 21. Nf5
Bc2 22. Nxh6+ gxh6 23. Qxf6 Re6 24. Qh4 Rxd2 25. f4 exf4 26. gxf4 Bxe4 27. Bxe4
Nxe4 28. f5 28... Qh2+ {tolo resigns} 0-1

[Event "ICS rated blitz match"]
[Site "204.178.125.65"]
[Date "1999.10.03"]
[Round "?"]
[White "tolo"]
[Black "Hossa"]
[Result "0-1"]
[WhiteElo "2129"]
[BlackElo "2364"]
[PlyCount "58"]
[EventDate "1999.??.??"]

1. e4 e6 2. d3 d5 3. Nd2 c5 4. Ngf3 Nc6 5. g3 Bd6 6. Bg2 Nge7 7. O-O O-O 8. Qe2
Bd7 9. Nb3 f6 10. Be3 d4 11. Bc1 e5 12. Nbd2 b5 13. Nh4 f5 14. Nxf5 Nxf5 15.
exf5 Rxf5 16. Be4 Rf8 17. Nf3 Rc8 18. Ng5 Bf5 19. Bd2 Qe7 20. Bd5+ Kh8 21. Rae1
Nb4 22. Bxb4 Qxg5 23. Bd2 Qg6 24. f4 exf4 25. Bxf4 Bh3 26. Rf2 Bxf4 27. Be4 Qg5
28. Rxf4 Rxf4 29. Bb7 29... Rff8 {tolo resigns} 0-1

[Event "ICS rated blitz match"]
[Site "204.178.125.65"]
[Date "1999.09.26"]
[Round "?"]
[White "tolo"]
[Black "Hossa"]
[Result "0-1"]
[WhiteElo "2207"]
[BlackElo "2544"]
[PlyCount "126"]
[EventDate "1999.??.??"]

1. e4 Nc6 2. d4 d5 3. e5 Bf5 4. h4 e6 5. g4 Bg6 6. h5 Be4 7. f3 Bb4+ 8. c3 Bxb1
9. cxb4 Bxa2 10. Rxa2 Nxb4 11. Qa4+ Nc6 12. Bb5 Qd7 13. Ne2 a6 14. Be3 Ra7 15.
Bxc6 bxc6 16. Kf2 h6 17. Rc1 Ne7 18. Nf4 O-O 19. Nd3 Rb8 20. Nc5 Qe8 21. Qc2
Rb5 22. Nd3 Qb8 23. b4 Qe8 24. Kg3 Qf8 25. Qd2 Ra8 26. Rca1 Rb6 27. Nc5 Qc8 28.
Nd3 Qf8 29. f4 Kh8 30. Bf2 f6 31. Be3 fxe5 32. dxe5 Rb5 33. Rxa6 Rxa6 34. Rxa6
Qc8 35. Qa2 Qe8 36. Ra8 Rb8 37. Ra7 Rc8 38. Qa5 Qf7 39. Rxc7 Rxc7 40. Qxc7 Nf5+
41. gxf5 Qxc7 42. fxe6 Qb7 43. Nc5 Qxb4 44. e7 Qb8 45. Nd3 Qe8 46. Bc5 Qxh5 47.
Nf2 Kg8 48. Ng4 Kf7 49. Ne3 Qg6+ 50. Kf3 Qe4+ 51. Kf2 d4 52. Nc4 Qc2+ 53. Kf3
Qxc4 54. Ke4 Qxc5 55. f5 Kxe7 56. f6+ gxf6 57. exf6+ Kxf6 58. Kd3 Ke5 59. Ke2
Qc2+ 60. Kf3 Qe4+ 61. Kf2 Kf4 62. Kf1 Kg3 63. Kg1 63... Qg2# {tolo checkmated}
0-1

[Event "ICS rated blitz match"]
[Site "204.178.125.65"]
[Date "1999.10.08"]
[Round "?"]
[White "tolo"]
[Black "Hossa"]
[Result "0-1"]
[WhiteElo "2228"]
[BlackElo "2487"]
[PlyCount "88"]
[EventDate "1999.??.??"]

1. e4 c5 2. Nf3 d6 3. Bb5+ Nd7 4. O-O Ngf6 5. Nc3 e6 6. d4 cxd4 7. Qxd4 a6 8.
Bxd7+ Bxd7 9. Bg5 Be7 10. Rad1 Bc6 11. e5 dxe5 12. Qxe5 Qb6 13. Nd4 Qxb2 14.
Nxc6 bxc6 15. Rb1 Qa3 16. Rb7 O-O 17. Rxe7 Qxe7 18. Ne4 Ng4 19. Qg3 f6 20. Bh4
Nh6 21. Qe3 Nf5 22. Qf4 g5 23. Nxg5 Nxh4 24. Ne4 Ng6 25. Qh6 Qa3 26. h4 Qa4 27.
f3 Qxc2 28. h5 Nh4 29. Rf2 Qd1+ 30. Kh2 Qd4 31. g3 Nxf3+ 32. Rxf3 Qxe4 33. Rf4
Qe2+ 34. Kh3 f5 35. Qg5+ Kh8 36. h6 Rf7 37. Rd4 Qf1+ 38. Kh2 Qf2+ 39. Kh3 Qxd4
40. Kh2 Qf2+ 41. Kh3 Rg8 42. Qxg8+ Kxg8 43. a4 f4 44. g4 44... Qg3# {
tolo checkmated} 0-1

[Event "ICS rated blitz match"]
[Site "204.178.125.65"]
[Date "1999.10.10"]
[Round "?"]
[White "tolo"]
[Black "Hossa"]
[Result "0-1"]
[WhiteElo "2103"]
[BlackElo "2396"]
[PlyCount "56"]
[EventDate "1999.??.??"]

1. e4 e5 2. Nf3 Nc6 3. Bc4 Bc5 4. d3 Nf6 5. O-O d5 6. exd5 Nxd5 7. Re1 O-O 8.
Nc3 Nxc3 9. bxc3 Bg4 10. h3 Bxf3 11. Qxf3 Rb8 12. Qg3 b5 13. Bb3 Qd6 14. Be3
Bxe3 15. Rxe3 Qc5 16. c4 bxc4 17. Bxc4 Rb2 18. Bb3 Qd4 19. Rae1 Kh8 20. Qf3 Qc5
21. Qf5 f6 22. Qd7 Nd4 23. Rg3 g6 24. Rg4 Nxb3 25. cxb3 Qxf2+ 26. Kh2 Qxe1 27.
Qe7 Kg8 28. Qe6+ 28... Rf7 {tolo resigns} 0-1

[Event "ICS rated blitz match"]
[Site "204.178.125.65"]
[Date "1999.09.18"]
[Round "?"]
[White "toothfairy"]
[Black "Hossa"]
[Result "1-0"]
[WhiteElo "2127"]
[BlackElo "2494"]
[PlyCount "107"]
[EventDate "1999.??.??"]

1. e4 g6 2. d4 h6 3. c3 Nf6 4. e5 Nd5 5. Bc4 Nb6 6. Bb3 d6 7. f4 dxe5 8. fxe5
f6 9. exf6 exf6 10. Nf3 Nc6 11. O-O Bg4 12. h3 Bf5 13. Nh4 Ne7 14. Qe2 Bg7 15.
Nxf5 gxf5 16. Rxf5 Qb8 17. Rf1 Kd8 18. Qg4 Rh7 19. Nd2 Bh8 20. Ne4 Nd7 21. Be6
Nf8 22. Nxf6 Bxf6 23. Rxf6 Nxe6 24. Qxe6 Rh8 25. Rf7 Re8 26. Bxh6 Qc8 27. Qe5
Qd7 28. Rxe7 Rxe7 29. Bg5 Qe8 30. Re1 Kc8 31. Bxe7 b6 32. Qd5 Kb8 33. Bh4 Qg6
34. Kh2 a5 35. Re6 Qxe6 36. Qxe6 Ra7 37. Qc6 Rb7 38. Bg3 b5 39. h4 a4 40. Qxc7+
Rxc7 41. h5 Kb7 42. Bxc7 Kc6 43. h6 Kxc7 44. h7 a3 45. bxa3 Kb6 46. h8=Q Kc7
47. Qe5+ Kc6 48. g4 Kb6 49. g5 Kc6 50. g6 Kb6 51. g7 Ka6 52. g8=Q Kb6 53. Qgb8+
Ka5 54. Qa7# {Hossa checkmated} 1-0

[Event "ICS rated blitz match"]
[Site "204.178.125.65"]
[Date "1999.09.21"]
[Round "?"]
[White "toothfairy"]
[Black "Hossa"]
[Result "0-1"]
[WhiteElo "2141"]
[BlackElo "2390"]
[PlyCount "48"]
[EventDate "1999.??.??"]

1. e4 c5 2. c4 g6 3. Nf3 Bg7 4. d4 cxd4 5. Nxd4 Nf6 6. Nc3 O-O 7. Be3 Na6 8.
Be2 d6 9. O-O Bd7 10. Rc1 Nc7 11. f3 Ne6 12. Qd2 Nxd4 13. Bxd4 Bc6 14. Rfd1 a6
15. b4 Rc8 16. b5 Be8 17. a4 axb5 18. axb5 Qc7 19. Nd5 Nxd5 20. Bxg7 Kxg7 21.
exd5 Qc5+ 22. Kh1 Ra8 23. Ra1 Rxa1 24. Rb1 24... Rxb1+ {toothfairy resigns} 0-1

[Event "ICS rated blitz match"]
[Site "204.178.125.65"]
[Date "1999.09.18"]
[Round "?"]
[White "toothfairy"]
[Black "Hossa"]
[Result "0-1"]
[WhiteElo "2151"]
[BlackElo "2470"]
[PlyCount "74"]
[EventDate "1999.??.??"]

1. e4 g6 2. d4 h6 3. c3 Nf6 4. Bd3 d5 5. e5 Ne4 6. Bxe4 dxe4 7. Qe2 Qd5 8. Nd2
Bf5 9. Nf1 Nc6 10. Ne3 Qd7 11. b3 O-O-O 12. Bb2 f6 13. exf6 exf6 14. O-O-O h5
15. Qb5 Bh6 16. Ne2 Bg4 17. Rde1 f5 18. Kb1 a6 19. Qc4 b5 20. Qc5 Bf8 21. Qd5
Qe8 22. Nf4 Rxd5 23. Nfxd5 Qf7 24. h3 f4 25. hxg4 fxe3 26. Nxe3 Qxf2 27. gxh5
Qg3 28. d5 Rxh5 29. dxc6 Rxh1 30. Rxh1 Qxe3 31. Rh8 Qd3+ 32. Kc1 Qf1+ 33. Kc2
Qxg2+ 34. Kb1 Qf1+ 35. Bc1 e3 36. Kb2 Qf2+ 37. Kb1 37... e2 {toothfairy resigns
} 0-1

[Event "ICS rated blitz match"]
[Site "204.178.125.65"]
[Date "1999.09.11"]
[Round "?"]
[White "toothfairy"]
[Black "Hossa"]
[Result "0-1"]
[WhiteElo "2104"]
[BlackElo "2463"]
[PlyCount "58"]
[EventDate "1999.??.??"]

1. e4 c5 2. c4 Nc6 3. Ne2 e5 4. Ng3 Nf6 5. Be2 Be7 6. d3 O-O 7. Bg5 Nxe4 8.
Bxe7 Qa5+ 9. Kf1 Nxg3+ 10. hxg3 Nxe7 11. Nc3 d6 12. Qd2 f6 13. g4 d5 14. cxd5
Nxd5 15. g5 fxg5 16. Bf3 Nf4 17. Qe3 Qb6 18. b3 Bf5 19. Be4 Qa6 20. Kg1 Rac8
21. Rd1 b5 22. g3 Nh3+ 23. Kg2 Nxf2 24. Bd5+ Be6 25. Qxg5 Bxd5+ 26. Nxd5 Qb7
27. Qxe5 Rcd8 28. Rdf1 Nxh1 29. Rxf8+ 29... Kxf8 {toothfairy resigns} 0-1

[Event "ICS rated blitz match"]
[Site "204.178.125.65"]
[Date "1999.09.25"]
[Round "?"]
[White "toothfairy"]
[Black "Hossa"]
[Result "0-1"]
[WhiteElo "2051"]
[BlackElo "2405"]
[PlyCount "80"]
[EventDate "1999.??.??"]

1. e4 Nf6 2. Nc3 e5 3. Nf3 Bb4 4. Nd5 Nxd5 5. exd5 e4 6. Nd4 O-O 7. Be2 Qg5 8.
O-O Qxd5 9. Nb3 Nc6 10. d3 Re8 11. dxe4 Qxd1 12. Rxd1 Rxe4 13. Bf3 Re8 14. c3
Bd6 15. g3 a5 16. a4 Be5 17. Nc5 d6 18. Nd3 Bf6 19. Be3 Be6 20. Nf4 Bb3 21. Rd2
Bg5 22. Ng2 Bxe3 23. Nxe3 Rab8 24. Bxc6 bxc6 25. Rd4 c5 26. Rf4 Be6 27. b4 cxb4
28. cxb4 Rxb4 29. Rxb4 axb4 30. a5 c5 31. a6 Ra8 32. Kf1 d5 33. Ke1 d4 34. Nc2
b3 35. Na3 Rxa6 36. Kd2 c4 37. Kc1 c3 38. Nc2 d3 39. Rxa6 d2+ 40. Kd1 40...
Bg4+ {toothfairy resigns} 0-1

[Event "ICS rated blitz match"]
[Site "204.178.125.65"]
[Date "1999.09.11"]
[Round "?"]
[White "toothfairy"]
[Black "Hossa"]
[Result "0-1"]
[WhiteElo "2026"]
[BlackElo "2450"]
[PlyCount "138"]
[EventDate "1999.??.??"]

1. e4 c5 2. c4 Nc6 3. Ne2 e5 4. Ng3 Nf6 5. Nc3 Be7 6. Be2 O-O 7. d3 d6 8. Nd5
Nxd5 9. cxd5 Nd4 10. Be3 f5 11. Bxd4 cxd4 12. O-O fxe4 13. dxe4 Bg5 14. Bg4 Rf4
15. Bxc8 Rxc8 16. Qb3 Qc7 17. f3 Rf7 18. Kh1 Bf4 19. Ne2 Be3 20. Rfd1 Qc2 21.
Ng3 Qxb3 22. axb3 a6 23. Nf5 Rxf5 24. exf5 Rf8 25. g4 g6 26. fxg6 hxg6 27. Kg2
Rc8 28. Rab1 Rc2+ 29. Kh1 Bf4 30. h4 Rh2+ 31. Kg1 Rxh4 32. b4 Kg7 33. b5 axb5
34. Ra1 Rh2 35. Ra7 Rxb2 36. Rxb7+ Kh6 37. Rd7 Kg5 38. Rxd6 Be3+ 39. Kf1 Rf2+
40. Ke1 Rxf3 41. Re6 Bf4 42. d6 Bg3+ 43. Kd2 Rf8 44. Kd3 Bf4 45. Ke4 b4 46. Rb1
Rb8 47. d7 Rd8 48. Re7 Kf6 49. Rh7 Bd2 50. Kd3 Bc3 51. Rf1+ Ke6 52. Rff7 Kd5
53. Re7 b3 54. Re8 e4+ 55. Rxe4 b2 56. Rh1 Rxd7 57. Re2 Rh7 58. Rd1 Rh3+ 59.
Kc2 Rg3 60. Rf2 Rxg4 61. Rf3 Kc4 62. Kb1 Kb3 63. Rff1 Re4 64. Rg1 Re6 65. Rg5
Ra6 66. Rb5+ Kc4 67. Rb8 Ra1+ 68. Kc2 d3+ 69. Rxd3 69... Rc1# {
toothfairy checkmated} 0-1